000 00673nam a2200181Ia 4500
008 151018s9999 xx 000 0 und d
082 _bRBASDV49212
_a891.433
100 _aसुदर्शन भाटीया
245 _aनारी कर्तव्य एवं अधिकार
250 _b1
260 _bबैटर बुक्स
_c2007
300 _a179
600 _aसुदर्शन भाटीया
630 _aनारी कर्तव्य एवं अधिकार
700 _aसुदर्शन भाटीया
730 _aनारी कर्तव्य एवं अधिकार
942 _cBOOK
999 _c1048335
_d1048332